Bombay: (Record no. 58874)

MARC details
000 -LEADER
fixed length control field 00991nam a2200241 4500
005 - DATE AND TIME OF LATEST TRANSACTION
control field 20111201114613.0
010 ## - LCCN (DPL NO)
LC control number B-444797
020 ## - INTERNATIONAL STANDARD BOOK NUMBER
International Standard Book Number 9780195640854
Terms of availability 295.00
020 ## - INTERNATIONAL STANDARD BOOK NUMBER
International Standard Book Number 0195640853
Terms of availability 295.00
035 ## - SYSTEM CONTROL NUMBER
System control number B-444797
037 ## - SOURCE OF ACQUISITION
Source of stock number/acquisition Allied Pub/Ven
082 ## - DEWEY DECIMAL CLASSIFICATION NUMBER
Classification number 306.095441
245 ## - TITLE STATEMENT
Title Bombay:
Statement of responsibility, etc edited by Sujata Patel (and) Alice Thorner
Remainder of title mosaic of modern culture /
260 ## - PUBLICATION, DISTRIBUTION, ETC. (IMPRINT)
Place of publication, distribution, etc New Delhi
Name of publisher, distributor, etc Oxford University Press
Date of publication, distribution, etc 2007
270 ## - ADDRESS
Address YMCA Library Building, Jai Singh Road,
City New Delhi
Postal code 110001
300 ## - PHYSICAL DESCRIPTION
Extent xxxv, 235p.
Dimensions 24cm(pbk)
Other physical details photos
500 ## - GENERAL NOTE
General note Includes index
700 ## - ADDED ENTRY--PERSONAL NAME
Personal name Patel, Sujata
9 (RLIN) 36378
700 ## - ADDED ENTRY--PERSONAL NAME
Personal name Thorner, Alice
9 (RLIN) 36379
942 ## - ADDED ENTRY ELEMENTS (KOHA)
Source of classification or shelving scheme Dewey Decimal Classification
Item type English Books
Call number suffix BOM
Classification part 306.095441
Holdings
Withdrawn status Lost status Not for loan Collection code Home library Current library Date acquired Source of acquisition Cost, normal purchase price Full call number Barcode Copy number Cost, replacement price Koha item type
      Non-fiction Central Library Central Library 05/01/2012 Allied/1045/13.09.11/78/14.3.11/12.10.2011 295.00 306.095441 BOM B-444797 1 295.00 English Books

© Delhi Public Library
Hit Counter
free hit counter